Remuneraȯ̂ FGTS jornada de trabalho

Bibliographic Details
Main Author: Pretti, Gleibe
Format: eBook
Language:Portuguese
Published: San Pablo: LTR, 2017
Subjects:
Online Access:Acceso restringido

MARC

LEADER 00000nam a22000007a 4500
005 20180417210334.0
007 cr|||| ||||
008 180417s2017 br |||||s|||| 00||0 por d
020 |a 978-85-361-9439-4 
035 |a 21349 
040 |a vLex 
090 |c 7773  |d 7773 
100 1 |a Pretti, Gleibe 
245 1 0 |a Remuneraȯ̂ FGTS jornada de trabalho  |h [Recurso electrn̤ico] /  |c Gleibe Pretti 
256 |a Servicio en ln̕ea 
260 |a San Pablo:  |b LTR,  |c 2017 
300 |a 1 recurso electrn̤ico 
500 |a Francis Bacon afirmava que: “A leitura traz ao homem plenitude, o discurso seguranȧ e a escrita precisô”, e, em consequn̊cia dessa frase, chegamos ̉conclusô que mesmo com a internet e a quantidade de informaė̳s que existem disponv̕eis, o leitor perde o principal, que ̌o conhecimento. Aqui deixo uma pergunta: 'Qual a diferenȧ entre informaȯ̂ e conhecimento?'. A resposta ̌simples: a informaȯ̂ ̌rapidamente esquecida, j ̀o conhecimento ̌algo que se leva para toda a vida. E o intuito dessa obra ̌levar voc,̊ prezado(a) leitor(a), a ampliar seu conhecimento e, com isso, alcanȧr a sabedoria. Contudo, antes de chegar ao nv̕el da sabedoria, o primeiro passo que deve ser tomado ̌o de acumular conhecimento. Com a reforma trabalhista, desnecessr̀io dizer que a lei trabalhista sofreu alteraė̳s significativas em seu texto, com reflexos em todas as relaė̳s de trabalho. A leitura dessa obra ̌de suma importńcia para os operadores do direito e para todos aqueles que tenham interesse na r̀ea, ou seja, para todos os trabalhadores e empregados. De uma forma didt̀ica e prt̀ica, esse livro foi escrito com o intuito de ajudar o leitor no dia a dia, sem o receio de questionar uma informaȯ̂ errada. Sendo assim, desejo que voc ̊aproveite a oportunidade de adquirir mais conhecimento e coloque em prt̀ica diariamente. Bons estudos! 
506 1 |a Disponible solo en los productos indicados  |d vLex Global  |d vLex Global (Academic Edition, excluding Law Schools)  |d vLex Global (U.S. Academic Edition, Law Schools)  |d vLex Global (U.S. Academic Edition, excluding Law Schools)  |d vLex Global (Academic Edition, Law Schools) 
650 0 4 |a Derecho Laboral y Seguridad Social  |z Brasil 
740 0 |a vLex Libros (Servicio en ln̕ea) 
856 4 0 |u http://vlex.com/source/remunera-o-fgts-jornada-de-trabalho-21349  |z Acceso restringido 
942 |c BOOK 
999 0 |a Labor law and social security